| 000 | 00981nam a2200289 4500 | ||
|---|---|---|---|
| 001 | 10701 | ||
| 003 | BD RJUL | ||
| 005 | 20211208235012.0 | ||
| 008 | 250114s1967 us a 000 0 eng d | ||
| 035 | _aBD RJUL | ||
| 040 |
_aBD-RjUL _beng _cBD-RjUL _dBD RJUL |
||
| 041 | 1 |
_aeng _hrus |
|
| 082 |
_a548 _bKIO 1967 |
||
| 100 | 1 |
_aKitaĭgorodskiĭ, A. I. _q(Aleksandr Isaakovich), _d1914-1985. _933087 |
|
| 245 | 1 | 0 |
_aOrder and disorder in the world of atoms / _c[by] A.I. Kitaigorodskiy. Translated by Scripta Technica. Edited by S. Chomet |
| 260 |
_aNew York : _bSpringer-Verlag, _c1967. |
||
| 300 |
_aviii, 135 p : _billus ; _c23 cm |
||
| 500 | _aTranslation of Pori͡adok i bespori͡adok v mire atomov | ||
| 650 | 0 |
_aAtoms _925783 |
|
| 650 | 0 |
_aCrystallography _933088 |
|
| 830 | 0 |
_vv. 3 _933089 |
|
| 830 | 0 |
_aHeidelberg science library ; _933090 |
|
| 942 |
_2ddc _cBK |
||
| 999 |
_c10701 _d10701 |
||